Objective plant science : At a glance (Record no. 368733)

MARC details
000 -LEADER
fixed length control field 00375nam a22001457a 4500
020 ## - INTERNATIONAL STANDARD BOOK NUMBER
International Standard Book Number 9788172338886
082 ## - DEWEY DECIMAL CLASSIFICATION NUMBER
Classification number 581 DEE
100 ## - MAIN ENTRY--PERSONAL NAME
Personal name Deepak Kumar, Verma
100 ## - MAIN ENTRY--PERSONAL NAME
Personal name Bavita, Asthir
100 ## - MAIN ENTRY--PERSONAL NAME
Personal name Dinesh Narayan, Bharadwaj and others
245 ## - TITLE STATEMENT
Title Objective plant science : At a glance
260 ## - PUBLICATION, DISTRIBUTION, ETC. (IMPRINT)
Place of publication, distribution, etc. India
Name of publisher, distributor, etc. Scientific Publishers
Date of publication, distribution, etc. 2014
300 ## - PHYSICAL DESCRIPTION
Extent 294
942 ## - ADDED ENTRY ELEMENTS (KOHA)
Koha item type Books (General)
Holdings
Withdrawn status Lost status Damaged status Not for loan Collection code Home library Current library Shelving location Date acquired Source of acquisition Cost, normal purchase price Total Checkouts Full call number Barcode Date last seen Date checked out Price effective from Koha item type Total Renewals
        Malayalam College of Agriculture, Vellayani College of Agriculture, Vellayani   21/01/2015 Research Co books and periodicals, NewDelhi. 0.00 1 581 DEE KAU_COAV-F 1928 17/11/2017 16/11/2017 21/01/2015 Books (General)  
        Malayalam College of Agriculture, Vellayani College of Agriculture, Vellayani   03/05/2017   220.00   581 DEE KAU_COAV-30158 31/03/2018   03/05/2017 Books (General)  
        Malayalam College of Agriculture, Vellayani College of Agriculture, Vellayani   03/05/2017   220.00 8 581 DEE KAU_COAV-30159 17/01/2020 04/01/2020 03/05/2017 Books (General) 1
        Malayalam College of Agriculture, Vellayani College of Agriculture, Vellayani   31/05/2017   220.00   581 DEE KAU_COAV-BB 1331 31/05/2017   31/05/2017 Book Bank scheme for SC students  
        Malayalam College of Agriculture, Vellayani College of Agriculture, Vellayani   31/05/2017   220.00   581 DEE KAU_COAV-BB 1330 31/05/2017   31/05/2017 Book Bank scheme for SC students  
Kerala Agricultural University Central Library
Thrissur-(Dt.), Kerala Pin:- 680656, India
Ph : (+91)(487) 2372219
E-mail: librarian@kau.in
Website: http://library.kau.in/